000 02729nam a2200373 4500
003 OSt
005 20260513120453.0
008 260513b |||||||| |||| 00| 0 aze d
020 _a9789952453218
040 _aAZ-XaKU
_baze
_cAZ-XaKU
041 0 _aaze
050 1 4 _aTJ230 .M680 2022
100 1 _aMirzəyev, Hüseyn,
_emüəllif.
245 1 _aMaşın hissələri və konstruksiya etmənin əsasları
_b: Laboratoriya işləri
_c/ Hüseyn Mirzəyev, İftixar Çələbi, Bəyalı Əhmədov ; elmi redaktor H.İ.Mirzəyev ; rəy verənlər A.H.Abdullayev, A.D.Əhmədov
250 _aI nəşr
264 _aBakı:
_c2001.
300 _a120 səhifə;
_bşəkil, cədvəl,
_c20 sm.
336 _atext
_btxt
_2rdacontent
337 _aunmediated
_bn
_2rdamedia
338 _avolume
_bnc
_2rdacarrier
500 _aBakı Mühəndislik Universitetinin 22.11.2019-cu il tarixli 2187 nömrəli əmri ilə bakalavriat səviyyəsi üçün dərs vəsaiti kimi nəşr hüququ (qrif) verilmişdir.
504 _aƏdəbiyyat siyahısı: s. 113
505 0 _aÖn Söz -- 1. Dişli Çarxların Konstruksiyaları -- 2. Reduktorların Konstruksiyaları -- 3. Diyirlənmə Sürtünməsi Yastıqlarının Konstruksiyaları -- 4. Muftaların Konstruksiyaları -- 5. Yiv Birləşməsində Sürtünmə Momenti Və Əmsalının Təyini -- 6. Qayış Ötürməsinin Həndəsi Ölçülərinin Təyini -- 7. Zəncir Ötürməsinin Həndəsi Parametrlərinin Təyini -- 8. Diyirlənmə Sürtünməsi Yastıqlarının Tədqiqi -- 9. Sürüşmə Sürtünməsi Yastıqlarında Sürtünmə Momentinin Təyini.
520 0 _aDərs vəsaitində ali texniki məktəblərdə tədris olunan “Maşın hissələri və konstruksiya etmənin əsasları”, “Mexanika”, “Tətbiqi mexanika”, “Texniki mexanika”, “Maşınların yaradılmasının texniki əsasları”, “Maşın, qurğu və avadanlıqların layihələndirilməsi” və s. kimi mexanika yönümlü fənlər üzrə 12 laboratoriya işi toplanmışdır. Kitabda hər bir laboratoriya işinə aid qısa, amma əhatəli nəzəri məlumat, laboratoriya işlərinin aparılma qaydaları və hesablama işlərində tələb olunan zəruri sorğu materialı verilmişdir.
521 _aKitab ali texniki məktəblərdə tədris alan tələbələr üçün nəzərdə tutulmuşdur, o həmçinin bu fənni tədris edən müəllimlər üçün də faydalı ola bilər.
650 7 _aMaşınqayırma
_2AZ-XaKU
655 _2Az-XaKU
_aDərs vəsaiti
700 1 _aÇələbi, İftixar,
_emüəllif.
700 1 _aƏhmədov, Bəyalı,
_emüəllif.
700 1 _aAbdullayev, A.H.,
_erəyçi.
700 1 _aƏhmədov, A.D.,
_erəyçi.
942 _cBOOK
999 _c439
_d439